Statistics for Animals that are Blue

Click here to take the quiz!

General Stats

  • This quiz has been taken 31 times
  • The average score is 3 of 15

Answer Stats

Answer% Correct
Peacock
100%
Blue Jay
92%
Blue Lobster
29%
Blue Poison Dart Frog
25%
Blue Tang
25%
Hyacinth Macaw
21%
Common Kingfisher
8%
Mountain Bluebird
8%
Ribbon Eel
8%
Steel-blue Ladybird
4%
Ulysses Butterfly
4%
Blue Dasher
0%
Blue-headed Agama
0%
Humphead Wrasse
0%
Purple Honeycreeper
0%

Score Distribution

Percentile by Number Answered

Percent of People with Each Score

Your Score History

You have not taken this quiz